书目信息 |
| 题名: |
庄子现代版
|
|
| 作者: | 流沙河 著 | |
| 分册: | ||
| 出版信息: | 上海 上海古籍出版社 1999.06 |
|
| 页数: | 445页 | |
| 开本: | 20cm | |
| 丛书名: | ||
| 单 册: | ||
| 中图分类: | B223.54 | |
| 科图分类: | 13.1332 | |
| 主题词: | 道家 | |
| 电子资源: | ||
| ISBN: | 7-5325-2570-8 | |
| 000 | 00615nam0 2200229 45 | |
| 001 | 0199065091 | |
| 005 | 20041101105212.49 | |
| 010 | @a7-5325-2570-8@dCNY 23.70 | |
| 100 | @a19991104E1999 em y0chiy0121 ea | |
| 101 | 0 | @achi |
| 102 | @aCN@b310000 | |
| 105 | @ay z 000yy | |
| 200 | 1 | @a庄子现代版@Azhuang zi xian dai ban@e增订本@f流沙河著 |
| 210 | @a上海@c上海古籍出版社@d1999.06@h2004重印 | |
| 215 | @a445页@d20cm | |
| 605 | @a庄子@x译文 | |
| 606 | @a道家 | |
| 690 | @aB223.54@v3 | |
| 692 | @a13.1332@v2 | |
| 701 | 0 | @a流沙河@Aliu sha he@4著 |
| 801 | 0 | @aCN@bNLC@c20041101 |
| 905 | @a10447@dB223.54@eL742 | |
| 庄子现代版:增订本/流沙河著.-上海:上海古籍出版社,1999.06(2004重印) |
| 445页;20cm |
| ISBN 7-5325-2570-8:CNY 23.70 |
| ● |
| 相关链接 |
|
|
|
正题名:庄子现代版
索取号:B223.54/L742
 
预约/预借
| 序号 | 登录号 | 条形码 | 馆藏地/架位号 | 状态 | 备注 |
| 1 | 424290 | 204242907 | 社科库509/509社科库 13排1列5层/ [索取号:B223.54/L742] | 在馆 | |
| 2 | 424291 | 204242916 | 社科库509/409社科库 7排1列3层/ [索取号:B223.54/L742] | 在馆 | |
| 3 | 424292 | 204242925 | 社科库509/ [索取号:B223.54/L742] | 在馆 | |
| 4 | 475904 | 204759047 | 社科库509/509社科库 13排1列5层/ [索取号:B223.54/L742] | 在馆 |